<?xml version="1.0" encoding="UTF-8"?><?xml-stylesheet type="text/xsl" href="static/style.xsl"?><OAI-PMH xmlns="http://www.openarchives.org/OAI/2.0/" xmlns:xsi="http://www.w3.org/2001/XMLSchema-instance" xsi:schemaLocation="http://www.openarchives.org/OAI/2.0/ http://www.openarchives.org/OAI/2.0/OAI-PMH.xsd"><responseDate>2026-04-14T05:45:26Z</responseDate><request verb="GetRecord" identifier="oai:www.recercat.cat:2072/465080" metadataPrefix="marc">https://recercat.cat/oai/request</request><GetRecord><record><header><identifier>oai:recercat.cat:2072/465080</identifier><datestamp>2024-11-04T04:51:55Z</datestamp><setSpec>com_2072_98</setSpec><setSpec>col_2072_378192</setSpec></header><metadata><record xmlns="http://www.loc.gov/MARC21/slim" xmlns:dcterms="http://purl.org/dc/terms/" xmlns:xsi="http://www.w3.org/2001/XMLSchema-instance" xmlns:doc="http://www.lyncode.com/xoai" xsi:schemaLocation="http://www.loc.gov/MARC21/slim http://www.loc.gov/standards/marcxml/schema/MARC21slim.xsd">
   <leader>00925njm 22002777a 4500</leader>
   <datafield ind2=" " ind1=" " tag="042">
      <subfield code="a">dc</subfield>
   </datafield>
   <datafield ind2=" " ind1=" " tag="720">
      <subfield code="a">Johansson, Per</subfield>
      <subfield code="e">author</subfield>
   </datafield>
   <datafield ind2=" " ind1=" " tag="720">
      <subfield code="a">Jääskeläinen, Elina</subfield>
      <subfield code="e">author</subfield>
   </datafield>
   <datafield ind2=" " ind1=" " tag="720">
      <subfield code="a">Nieminen, Timo</subfield>
      <subfield code="e">author</subfield>
   </datafield>
   <datafield ind2=" " ind1=" " tag="720">
      <subfield code="a">Hultman, Jenni</subfield>
      <subfield code="e">author</subfield>
   </datafield>
   <datafield ind2=" " ind1=" " tag="720">
      <subfield code="a">Auvinen, Petri</subfield>
      <subfield code="e">author</subfield>
   </datafield>
   <datafield ind2=" " ind1=" " tag="720">
      <subfield code="a">Björkroth, Katri Johanna</subfield>
      <subfield code="e">author</subfield>
   </datafield>
   <datafield ind2=" " ind1=" " tag="260">
      <subfield code="c">2020</subfield>
   </datafield>
   <datafield ind2=" " ind1=" " tag="520">
      <subfield code="a">Meat spoilage is a complicated biological phenomenon taking place over the course of time. Several factors influence it, mainly external factors related to packaging and storage temperature but also internal ones related to contamination diversity and product ingredients. We conducted genomic studies of specific spoilage organisms (SSO) and investigated the spoilage microbiomes providing information about the factors that make a specific organism a competitive SSO, as well as the interactions between certain SSO and the most active species and pathways in packaged raw meat. Our studies showed that spoilage microbiomes are diverse, but certain aspects, such as oxygen content or added marinades, shape this diversity strongly. We have also characterized a new spoilage-associated pathway, i.e., heme-dependent respiration capability, in Leuconostoc gelidum subsp. gasicomitatum. The microbiome studies we conducted explain why this species has become a competitive SSO. It is a fast grower and gains advantage for its growth if oxygen is present in the packages. Since the contamination of psychrotrophic lactic acid bacteria is difficult to avoid in meat manufacture, leuconostocs cause spoilage problems from time to time especially in marinated products or those packaged under high-oxygen-containing atmospheres.</subfield>
   </datafield>
   <datafield ind1="8" ind2=" " tag="024">
      <subfield code="a">http://hdl.handle.net/2072/465080</subfield>
   </datafield>
   <datafield tag="653" ind2=" " ind1=" ">
      <subfield code="a">Modified atmosphere packaging</subfield>
   </datafield>
   <datafield tag="653" ind2=" " ind1=" ">
      <subfield code="a">Specific spoilage organism</subfield>
   </datafield>
   <datafield tag="653" ind2=" " ind1=" ">
      <subfield code="a">Meat spoilage</subfield>
   </datafield>
   <datafield tag="653" ind2=" " ind1=" ">
      <subfield code="a">Microbiome</subfield>
   </datafield>
   <datafield ind2="0" ind1="0" tag="245">
      <subfield code="a">Microbiomes in the Context of Refrigerated Raw Meat Spoilage</subfield>
   </datafield>
</record></metadata></record></GetRecord></OAI-PMH>